Buffy vs. Radiohead Quiz Stats

 Plays Quiz Updated Feb 10, 2020

Support Sporcle.
Go Orange.
Score 0/15 Timer 04:00
3 Plays Today
% Correct
Doppelgangland
81.7%
School Hard
77.6%
Hell's Bells
76%
Killed by Death
75.4%
Witch
73.2%
Normal Again
72.9%
Innocence
72.8%
Lovers Walk
71.9%
% Correct
Goodbye Iowa
71.8%
Into the Woods
70.8%
Older and Far Away
67.3%
Smashed
65%
Listening to Fear
63.7%
Empty Places
62.6%
Spiral
53%

You're not logged in!

Compare scores with friends on all Sporcle quizzes.
OR
Log In
Forgot?

From the Vault

2015 NFL Opening Day Quarterbacks

by metakoopa99

Sports 12m
There is literally no job on earth worse than being the 3rd string QB for the Cleveland Browns. Literally.
Remove Ads.
Support Sporcle.
Get the best of Sporcle when you Go Orange. This ad-free experience offers more features, more stats, and more fun while also helping to support Sporcle. Thank you for becoming a member.

Show Comments

Extras

Top Quizzes Today


Score Distribution

Your Account Isn't Verified!

In order to create a playlist on Sporcle, you need to verify the email address you used during registration. Go to your Sporcle Settings to finish the process.

Report this User

Report this user for behavior that violates our Community Guidelines.

Details: